[Event "4NCL Division 3s"]
[Site "Daventry Court ENG"]
[Date "2014.11.15"]
[Round "1.98"]
[White "Graham, William M"]
[Black "Taylor, Mark"]
[Result "0-1"]
[WhiteElo "1863"]
[BlackElo "2067"]
[PlyCount "58"]
[EventDate "2014.11.15"]

1. e4 e6 2. d3 d5 3. Nd2 c5 4. Ngf3 Nc6 5. g3 Nf6 6. Bg2 Be7 7. O-O O-O 8. e5
Nd7 9. Re1 Qc7 10. Qe2 b5 11. Nf1 a5 12. h4 b4 13. N1h2 Ba6 14. h5 c4 15. h6 g6
16. Ng4 cxd3 17. cxd3 Nc5 18. Rd1 b3 19. a3 Rac8 20. Qe3 d4 21. Qe2 Qd8 22. Bf4
Nb8 23. Rac1 g5 24. Bxg5 Bxg5 25. Nxg5 Qxg5 26. f4 Qg6 27. Rxc5 Rxc5 28. Be4 f5
29. exf6 Qf7 0-1

[Event "4NCL Division 3s"]
[Site "Daventry Court ENG"]
[Date "2014.11.15"]
[Round "1.99"]
[White "Bourne, Iain"]
[Black "Blake, J Morgan"]
[Result "0-1"]
[WhiteElo "1918"]
[BlackElo "1675"]
[PlyCount "68"]
[EventDate "2014.11.15"]

1. d4 Nf6 2. c4 g6 3. f3 d5 4. cxd5 Nxd5 5. e4 Nb6 6. Nc3 Bg7 7. Be3 O-O 8. Qd2
Be6 9. d5 Bd7 10. h4 h5 11. Be2 c6 12. g4 cxd5 13. exd5 Qc7 14. gxh5 Bxc3 15.
bxc3 Nxd5 16. Qxd5 Qxc3+ 17. Kf2 Qxa1 18. Bd4 Qc1 19. hxg6 Qf4 20. gxf7+ Rxf7
21. Bc3 Qf5 22. Qb3 Be6 23. Qd1 Nc6 24. Kf1 Rd8 25. Qa4 Qc5 26. Bb2 Qb4 27. Qc2
Bf5 28. Qc1 Qd2 29. Qa1 Bd3 30. Kf2 Bxe2 31. Nxe2 Rd3 32. Rg1+ Kf8 33. Bg7+ Ke8
34. Bh6 Rfxf3+ 0-1

[Event "4NCL Division 3s"]
[Site "Daventry Court ENG"]
[Date "2014.11.15"]
[Round "1.99"]
[White "Graham, Cassie M"]
[Black "Wojciechowski, Paul"]
[Result "1/2-1/2"]
[WhiteElo "1626"]
[BlackElo "2025"]
[PlyCount "82"]
[EventDate "2014.11.15"]

1. e4 g6 2. d4 Bg7 3. Nc3 d6 4. Be3 a6 5. f3 b5 6. Qd2 Nd7 7. Nh3 Bb7 8. Be2 h6
9. O-O e6 10. Nd1 c5 11. c3 Ne7 12. Ndf2 Nc6 13. Rad1 cxd4 14. cxd4 Nb6 15. Ng4
Nc4 16. Bxc4 bxc4 17. Rc1 Qa5 18. Qxa5 Nxa5 19. Rfd1 h5 20. Ngf2 O-O 21. Bf4
Rfd8 22. Be3 d5 23. e5 Rac8 24. Bg5 Rd7 25. Nf4 Nc6 26. Ne2 Ne7 27. Bxe7 Rxe7
28. Nh3 Bh6 29. f4 Bc6 30. Nc3 Rb7 31. Rd2 Rcb8 32. Rcc2 Bd7 33. Re2 Bf8 34.
Nf2 Be7 35. Nfd1 Bd8 36. Rcd2 Kg7 37. Rf2 Bb6 38. Rfe2 Bd8 39. h3 Be7 40. g3
Rb6 41. Rh2 a5 1/2-1/2

[Event "4NCL Division 3s"]
[Site "Daventry Court ENG"]
[Date "2014.11.15"]
[Round "1.99"]
[White "Willmoth, Rob"]
[Black "Kane, Robert (Bob) B"]
[Result "1-0"]
[WhiteElo "2178"]
[BlackElo "1889"]
[PlyCount "77"]
[EventDate "2014.11.15"]

1. d4 Nf6 2. c4 e5 3. dxe5 Ng4 4. Nc3 Bc5 5. e3 Nxe5 6. Nf3 Nbc6 7. Nxe5 Nxe5
8. f4 Ng6 9. Bd3 d6 10. O-O Qh4 11. b4 Bb6 12. Nd5 c6 13. Nxb6 axb6 14. Bb2 Bg4
15. Qd2 f6 16. e4 O-O 17. Qe3 c5 18. h3 Bd7 19. b5 Nh8 20. Qf3 g5 21. e5 dxe5
22. Qd5+ Rf7 23. fxe5 Bxh3 24. Rxf6 Re8 25. Bf5 Bxf5 26. Rxf5 Qh6 27. Raf1 Re6
28. Qd8+ Kg7 29. Rxg5+ Ng6 30. Rxf7+ Kxf7 31. Rf5+ Kg7 32. Qd7+ Ne7 33. Rf6
Qe3+ 34. Kh2 Rxe5 35. Rf3 Qh6+ 36. Rh3 Qf6 37. Rg3+ Kf7 38. Rf3 Rh5+ 39. Kg1
1-0

[Event "4NCL Division 3s"]
[Site "Daventry Court ENG"]
[Date "2014.11.15"]
[Round "1.99"]
[White "Lawson, Maurice E"]
[Black "Brozel, Sacha"]
[Result "0-1"]
[WhiteElo "1955"]
[BlackElo "1799"]
[PlyCount "60"]
[EventDate "2014.11.15"]

1. e4 c5 2. Nc3 e6 3. g3 Nc6 4. Bg2 Nf6 5. d3 Be7 6. Nge2 O-O 7. O-O d6 8. h3
a6 9. g4 Nd7 10. Ng3 b5 11. Nce2 Bb7 12. Be3 Rc8 13. Qd2 Re8 14. f4 Bf8 15. c3
Nb6 16. Rae1 Qd7 17. Kh2 d5 18. e5 d4 19. cxd4 cxd4 20. Nxd4 Nxd4 21. Bxd4 Bxg2
22. Bxb6 Bxf1 23. Rxf1 Rc6 24. Ba5 Rec8 25. Rf2 Bc5 26. Rg2 Qa7 27. Nh5 Bg1+
28. Kg3 Rc2 29. Qxc2 Qe3+ 30. Kh4 Rxc2 0-1

[Event "4NCL Division 3s"]
[Site "Daventry Court ENG"]
[Date "2014.11.15"]
[Round "1.99"]
[White "Cavendish, Joshua"]
[Black "Fowler, David W"]
[Result "1/2-1/2"]
[WhiteElo "1746"]
[BlackElo "1872"]
[PlyCount "76"]
[EventDate "2014.11.15"]

1. f4 d5 2. b3 Qd6 3. e3 Nf6 4. Bb2 Bg4 5. Nf3 Nbd7 6. Na3 c6 7. c4 e6 8. Nc2
Qc7 9. Be2 Bxf3 10. Bxf3 Bd6 11. Rc1 dxc4 12. Nd4 Qa5 13. Bc3 Bb4 14. Bxb4 Qxb4
15. bxc4 O-O 16. Qc2 e5 17. Rb1 Qc5 18. fxe5 Nxe5 19. Rxb7 Rab8 20. Rxb8 Nxf3+
21. Nxf3 Rxb8 22. O-O Rb4 23. Rb1 Rxb1+ 24. Qxb1 h6 25. Qd3 Qa5 26. Qc2 Ng4 27.
Qe4 Nf6 28. Qxc6 Qxa2 29. Qc8+ Kh7 30. Qf5+ Kg8 31. c5 Qa1+ 32. Kf2 Qa4 33.
Qc8+ Kh7 34. Qf5+ Kg8 35. Nd4 Qd1 36. Qc8+ Kh7 37. Qf5+ Kg8 38. Nf3 Qa4 1/2-1/2

[Event "4NCL Division 3s"]
[Site "Daventry Court ENG"]
[Date "2014.11.15"]
[Round "1.99"]
[White "Karia, Rishul"]
[Black "Sargent, John R"]
[Result "0-1"]
[WhiteElo "1664"]
[BlackElo "1771"]
[PlyCount "48"]
[EventDate "2014.11.15"]

1. e4 c5 2. Nc3 Nc6 3. f4 d6 4. Bc4 e6 5. d3 g6 6. Nf3 Bg7 7. O-O Nge7 8. Qe1
O-O 9. g4 Na5 10. Bb3 Nxb3 11. axb3 f5 12. g5 Re8 13. Be3 b6 14. e5 dxe5 15.
fxe5 Nc6 16. Bf4 Nd4 17. Qf2 Bb7 18. Nxd4 cxd4 19. Nb5 Qd5 20. Qf3 Qd7 21. Qf2
Qxb5 22. Qxd4 Bf8 23. Qc4 Bc5+ 24. d4 Qxc4 0-1

[Event "4NCL Division 3s"]
[Site "Daventry Court ENG"]
[Date "2014.11.15"]
[Round "1.99"]
[White "Mallon, Gunnar"]
[Black "Klingher, Dominic"]
[Result "0-1"]
[WhiteElo "1722"]
[BlackElo "1793"]
[PlyCount "74"]
[EventDate "2014.11.15"]

1. c4 e5 2. Nc3 Nf6 3. e4 Bc5 4. g3 d6 5. h3 Be6 6. d3 Nc6 7. Bg2 Qd7 8. Nge2
h5 9. Be3 Nd4 10. Nd5 c6 11. Nxf6+ gxf6 12. Nxd4 exd4 13. Bd2 O-O-O 14. Qb3 f5
15. O-O-O fxe4 16. dxe4 f5 17. exf5 Bxf5 18. Bg5 Rdf8 19. f3 Qf7 20. Rhe1 Be6
21. Qc2 Bb4 22. Re2 d3 23. Rxd3 Bxc4 24. a3 Bxd3 25. Qxd3 Bc5 26. h4 Re8 27. b4
Rxe2 28. Bh3+ Kb8 29. Qxe2 Re8 30. Qd3 Qa2 31. Kd1 Qa1+ 32. Kc2 Bd4 33. Bf5 Re1
34. Qd2 Qb2+ 35. Kd3 Qb3+ 36. Kxd4 Rd1 37. Bg6 Qxf3 0-1

[Event "4NCL Division 3s"]
[Site "Daventry Court ENG"]
[Date "2014.11.15"]
[Round "1.115"]
[White "Kemp, Peter"]
[Black "Cresswell, Mike J"]
[Result "1-0"]
[WhiteElo "2179"]
[BlackElo "1766"]
[PlyCount "59"]
[EventDate "2014.11.15"]
[WhiteTeam "Celtic Tigers 1"]
[BlackTeam "BCM Hippos (3)"]

1. d4 Nf6 2. c4 c5 3. d5 b5 4. cxb5 a6 5. f3 d6 6. e4 g6 7. Na3 Bg7 8. Ne2 O-O
9. Nc3 Nbd7 10. Be2 Nb6 11. O-O a5 12. Be3 Bb7 13. Qd2 Ra7 14. Rad1 Qa8 15. Nc4
Nfd7 16. Bh6 Nxc4 17. Bxc4 Nb6 18. Be2 Rb8 19. Bxg7 Kxg7 20. h4 Bc8 21. h5 Nd7
22. Kf2 Ne5 23. Rh1 Bd7 24. hxg6 h5 25. gxf7 Nxf7 26. Rxh5 Rh8 27. Rdh1 Rxh5
28. Rxh5 Kf8 29. Qf4 Ke8 30. Rh7 1-0

[Event "4NCL Division 3s"]
[Site "Daventry Court ENG"]
[Date "2014.11.15"]
[Round "1.99"]
[White "Cooke, Charlie"]
[Black "Pedersen, Carsten"]
[Result "0-1"]
[WhiteElo "1750"]
[BlackElo "2140"]
[PlyCount "40"]
[EventDate "2014.11.15"]

1. d4 Nf6 2. c4 Nc6 3. Nf3 e6 4. Nc3 Bb4 5. Bd2 d6 6. e3 O-O 7. Be2 e5 8. dxe5
Nxe5 9. a3 Bxc3 10. Bxc3 Qe7 11. O-O Re8 12. Nxe5 dxe5 13. Qc2 Qe6 14. e4 Qc6
15. Bd3 Nh5 16. Bd2 Qg6 17. f3 Bh3 18. Rf2 Nf4 19. Bf1 Bc8 20. Rd1 Nh3+ 0-1

[Event "4NCL Division 3s"]
[Site "Daventry Court ENG"]
[Date "2014.11.15"]
[Round "1.117"]
[White "Quinn, John"]
[Black "Moore, John R"]
[Result "1-0"]
[WhiteElo "2120"]
[BlackElo "1711"]
[PlyCount "37"]
[EventDate "2014.11.15"]
[WhiteTeam "Celtic Tigers 1"]
[BlackTeam "BCM Hippos (3)"]

1. d4 e6 2. Nf3 f5 3. g3 Nf6 4. Bg2 Be7 5. c4 d6 6. O-O O-O 7. Nc3 Qe8 8. Qc2
Qh5 9. e4 fxe4 10. Nxe4 Nxe4 11. Qxe4 Qf5 12. Re1 Bf6 13. Qxf5 exf5 14. Bg5 Nc6
15. Bxf6 Rxf6 16. Ng5 g6 17. Bd5+ Kg7 18. Bxc6 bxc6 19. Re7+ 1-0

[Event "4NCL Division 3s"]
[Site "Daventry Court ENG"]
[Date "2014.11.15"]
[Round "1.99"]
[White "Minor, Harry"]
[Black "Way, Julian"]
[Result "0-1"]
[WhiteElo "1621"]
[BlackElo "1994"]
[PlyCount "76"]
[EventDate "2014.11.15"]

1. e4 d5 2. exd5 Qxd5 3. Nc3 Qa5 4. d4 Nf6 5. Bd2 c6 6. Nf3 Bf5 7. Ne4 Qc7 8.
Nxf6+ gxf6 9. Nh4 Bg6 10. Nxg6 hxg6 11. Qf3 Nd7 12. O-O-O O-O-O 13. Bf4 Qxf4+
14. Qxf4 Bh6 15. Qxh6 Rxh6 16. Bc4 e6 17. c3 g5 18. h3 Kc7 19. b4 a5 20. bxa5
Ra8 21. a6 b5 22. Bb3 Nb6 23. Kb2 Rxa6 24. Rc1 Rh4 25. g3 Re4 26. Rhe1 Rxe1 27.
Rxe1 Ra8 28. h4 Rh8 29. Rh1 Kd6 30. f4 Nd5 31. fxg5 fxg5 32. h5 f5 33. c4 bxc4
34. Bxc4 Rh6 35. a4 Ne3 36. Kc3 Ng4 37. Be2 Nf2 38. Rg1 g4 0-1

[Event "4NCL Division 3s"]
[Site "Daventry Court ENG"]
[Date "2014.11.15"]
[Round "1.99"]
[White "Skulte, Chris"]
[Black "Green, George"]
[Result "1-0"]
[WhiteElo "1974"]
[BlackElo "1576"]
[PlyCount "65"]
[EventDate "2014.11.15"]

1. e4 c5 2. Nf3 Nc6 3. Nc3 g6 4. d4 cxd4 5. Nxd4 Bg7 6. Be3 Nf6 7. Be2 O-O 8.
O-O d6 9. h3 Bd7 10. Qd2 Nxd4 11. Bxd4 Qa5 12. Rfd1 Rfe8 13. Bc4 Bc6 14. f3 Nd7
15. Bxg7 Kxg7 16. Nd5 Qxd2 17. Rxd2 Rac8 18. Rad1 Nf6 19. Ne3 a6 20. Bb3 b5 21.
c3 Bb7 22. a4 bxa4 23. Bxa4 Bc6 24. Rd4 Bxa4 25. Rxa4 Rc6 26. Nc2 Nd7 27. Nb4
Rb6 28. Rxa6 Rb7 29. Rda1 Ne5 30. Ra7 Reb8 31. Rxb7 Rxb7 32. Kf2 Nd3+ 33. Nxd3
1-0

[Event "4NCL Division 3s"]
[Site "Daventry Court ENG"]
[Date "2014.11.15"]
[Round "1.99"]
[White "Weaver, Lauren"]
[Black "Herring, Sam"]
[Result "1/2-1/2"]
[WhiteElo "1489"]
[BlackElo "1851"]
[PlyCount "57"]
[EventDate "2014.11.15"]

1. d4 Nf6 2. Nf3 d5 3. e3 c5 4. Nbd2 Nc6 5. b3 e6 6. a3 Bd6 7. Bd3 O-O 8. Bb2
Qe7 9. O-O e5 10. dxe5 Nxe5 11. Be2 Rd8 12. Nxe5 Bxe5 13. Bxe5 Qxe5 14. Nf3 Qe7
15. Bd3 Bg4 16. h3 Bh5 17. Be2 Ne4 18. Rc1 Rd6 19. c3 Rad8 20. Qc2 Rg6 21. Rfd1
Qf6 22. Kf1 Bxf3 23. Bxf3 Re8 24. Rxd5 Ng5 25. Rf5 Qa6+ 26. Be2 Qc6 27. Bc4 Ne6
28. Bd5 Qd7 29. Rd1 1/2-1/2

[Event "4NCL Division 3s"]
[Site "Daventry Court ENG"]
[Date "2014.11.15"]
[Round "1.99"]
[White "Gallagher, Daniel GH"]
[Black "Mercs, Peter"]
[Result "0-1"]
[WhiteElo "1753"]
[BlackElo "2087"]
[PlyCount "102"]
[EventDate "2014.11.15"]

1. e4 c5 2. c3 Nf6 3. e5 Nd5 4. d4 cxd4 5. Nf3 e6 6. cxd4 d6 7. a3 Bd7 8. Bd3
Bc6 9. O-O Nd7 10. Re1 dxe5 11. dxe5 Be7 12. Nd4 Qc7 13. Qh5 g6 14. Qe2 Bf8 15.
Bg5 Bg7 16. Nf3 O-O 17. h4 h6 18. Bd2 Ne7 19. Bf4 Nd5 20. Bd2 Nc5 21. Bc2 Ba4
22. Rc1 Bxc2 23. Rxc2 Qe7 24. Nc3 Rfd8 25. Nxd5 Rxd5 26. Bb4 a5 27. Bxc5 Rxc5
28. Rac1 Rac8 29. Qe4 Rxc2 30. Rxc2 Rxc2 31. Qxc2 Qd7 32. Qc4 Qd5 33. Qxd5 exd5
34. b3 Kf8 35. Kh2 Ke7 36. Kg3 Kd7 37. Kf4 Bf8 38. a4 Bc5 39. Kg3 Ke6 40. Kf4
Bxf2 41. g4 Bxh4 42. Nd4+ Kd7 43. Nb5 Bg5+ 44. Kf3 f6 45. Nd6 fxe5 46. Nxb7 e4+
47. Ke2 h5 48. gxh5 gxh5 49. Nxa5 h4 50. b4 h3 51. Kf2 e3+ 0-1

[Event "4NCL Division 3s"]
[Site "Daventry Court ENG"]
[Date "2014.11.15"]
[Round "1.126"]
[White "Walker, Andrew"]
[Black "Golding, James"]
[Result "1-0"]
[WhiteElo "2089"]
[BlackElo "1713"]
[PlyCount "51"]
[EventDate "2014.11.15"]
[WhiteTeam "Ashfield-Breadsall"]
[BlackTeam "Check Us Out"]

1. e4 e5 2. Nf3 Nc6 3. Bb5 a6 4. Ba4 Nf6 5. Qe2 b5 6. Bb3 Bc5 7. c3 d6 8. O-O
Bg4 9. h3 Bh5 10. d3 Qd7 11. Be3 Bb6 12. Rd1 O-O 13. Nbd2 h6 14. Nf1 Rfe8 15.
Ng3 Bg6 16. Nh4 Bh7 17. Nh5 Qd8 18. Nxf6+ gxf6 19. Bd5 Qd7 20. Bxh6 Rab8 21.
Bxc6 Qxc6 22. Qg4+ Bg6 23. Nxg6 Kh7 24. Ne7 Bxf2+ 25. Kh1 Rg8 26. Qf5+ 1-0

[Event "4NCL Division 3s"]
[Site "Daventry Court ENG"]
[Date "2014.11.15"]
[Round "1.99"]
[White "Jarvis, Derek"]
[Black "Purvis, Anna"]
[Result "1-0"]
[WhiteElo "1899"]
[BlackElo "1428"]
[PlyCount "77"]
[EventDate "2014.11.15"]

1. e4 c6 2. d4 d5 3. Nd2 dxe4 4. Nxe4 Bf5 5. Ng3 Bg6 6. h4 h6 7. Nf3 Nd7 8. h5
Bh7 9. Bd3 Bxd3 10. Qxd3 Ngf6 11. Bf4 e6 12. O-O-O Nd5 13. Bd2 Bd6 14. Ne4 Bc7
15. c4 N5f6 16. Bc3 Nxe4 17. Qxe4 Nf6 18. Qe2 Qe7 19. Ne5 Bd6 20. a3 Rg8 21.
Kb1 O-O-O 22. g4 Nd7 23. f4 Nxe5 24. dxe5 Bc5 25. f5 Rxd1+ 26. Rxd1 Rd8 27. f6
gxf6 28. exf6 Qc7 29. Rxd8+ Qxd8 30. Qd2 Qh8 31. g5 Qh7+ 32. g6 fxg6 33. Qd3
Qf7 34. hxg6 Qg8 35. f7 Qf8 36. Qf3 Bd6 37. g7 Qd8 38. f8=Q Bxf8 39. gxf8=Q 1-0

[Event "4NCL Division 3s"]
[Site "Daventry Court ENG"]
[Date "2014.11.15"]
[Round "1.99"]
[White "Graham, Neil"]
[Black "Davidson, Laura J"]
[Result "1/2-1/2"]
[WhiteElo "1851"]
[BlackElo "1367"]
[PlyCount "52"]
[EventDate "2014.11.15"]

1. d4 Nf6 2. f3 d5 3. e4 dxe4 4. Nc3 exf3 5. Nxf3 g6 6. Bc4 Bg7 7. O-O c6 8.
Be3 Nbd7 9. Qd2 O-O 10. h3 Nb6 11. Bb3 Nbd5 12. Nxd5 cxd5 13. Bh6 Be6 14. Bxg7
Kxg7 15. Ng5 Bd7 16. Qe3 h6 17. Nf3 Be6 18. c3 Qc7 19. Ne5 Nd7 20. Nxd7 Qxd7
21. Rae1 Rae8 22. Qe5+ Kh7 23. Bc2 Qd6 24. Qe3 Bd7 25. Rf4 Kg7 26. Ref1 Qe6
1/2-1/2

[Event "4NCL Division 3s"]
[Site "Daventry Court ENG"]
[Date "2014.11.15"]
[Round "1.99"]
[White "Jones, Steven A"]
[Black "Cooper, Lawrence H"]
[Result "0-1"]
[WhiteElo "2114"]
[BlackElo "2322"]
[PlyCount "96"]
[EventDate "2014.11.15"]

1. e4 e5 2. Nf3 Nc6 3. Bb5 a6 4. Ba4 Nf6 5. O-O Be7 6. Re1 b5 7. Bb3 O-O 8. c3
d6 9. h3 Na5 10. Bc2 c5 11. d4 Qc7 12. b4 cxb4 13. cxb4 Nc6 14. Bb2 Nxb4 15.
Bb3 Nc6 16. Nc3 Nxd4 17. Nxd4 exd4 18. Qxd4 Be6 19. Nd5 Bxd5 20. exd5 Qa7 21.
Qd3 Nh5 22. Bd4 Qd7 23. g4 Nf4 24. Qf3 Ng6 25. Bc2 Bg5 26. Qc3 Rac8 27. Qb2 Nh4
28. Kh1 f5 29. Re6 Qb7 30. Bb3 fxg4 31. Rg1 Rf3 32. Rxg4 Rxh3+ 33. Kg1 Rc1+ 34.
Qxc1 Bxc1 35. Re8+ Kf7 36. Rxg7+ Kxe8 37. Rxb7 Rxb3 38. axb3 Nf3+ 39. Kf1 Nxd4
40. Ra7 Nxb3 41. Rxa6 Bf4 42. Ke2 Kf7 43. Rb6 Kf6 44. Kf3 Ke5 45. Rb7 Nd4+ 46.
Kg4 Bd2 47. Rxh7 b4 48. Rh5+ Ke4 0-1

[Event "4NCL Division 3s"]
[Site "Daventry Court ENG"]
[Date "2014.11.15"]
[Round "1.99"]
[White "Manelidou, Maria"]
[Black "Shepherd, Paul D"]
[Result "0-1"]
[WhiteElo "2057"]
[BlackElo "2103"]
[PlyCount "46"]
[EventDate "2014.11.15"]

1. e4 c5 2. Nf3 e6 3. c4 Nc6 4. Nc3 e5 5. Be2 d6 6. O-O Be7 7. a3 f5 8. d3 Nf6
9. Bg5 O-O 10. Bxf6 Bxf6 11. Nd5 f4 12. b4 Be6 13. b5 Ne7 14. Nxe7+ Bxe7 15.
Nd2 Qd7 16. Nb1 Rf6 17. Nc3 Raf8 18. Nd5 Rg6 19. Bh5 Rh6 20. b6 a6 21. Nc7 Bh3
22. gxh3 Qxh3 23. Qg4 Rg6 0-1

[Event "4NCL Division 3s"]
[Site "Daventry Court ENG"]
[Date "2014.11.15"]
[Round "1.99"]
[White "Henderson, Ian R"]
[Black "Jina, Taran"]
[Result "1-0"]
[WhiteElo "2062"]
[BlackElo "1726"]
[PlyCount "75"]
[EventDate "2014.11.15"]

1. d4 e6 2. c4 f5 3. Nf3 b6 4. g3 Bb7 5. Bg2 Nf6 6. O-O Be7 7. Nc3 Ne4 8. Qc2
Nxc3 9. Qxc3 Bf6 10. b3 O-O 11. Bb2 d6 12. Rfe1 Nd7 13. Ng5 Bxg5 14. Bxb7 Rb8
15. Bg2 Bf6 16. Qc2 g6 17. Rad1 Qe7 18. e4 Qg7 19. f4 Rbd8 20. e5 dxe5 21. fxe5
Be7 22. Kh1 f4 23. gxf4 Rxf4 24. Bh3 Qf7 25. Rf1 Bg5 26. Bc1 Rxf1+ 27. Rxf1 Qe7
28. Bxg5 Qxg5 29. Bxe6+ Kh8 30. Bxd7 Rxd7 31. Qf2 Qe7 32. d5 Rd8 33. e6 Re8 34.
Qd4+ Qg7 35. Qxg7+ Kxg7 36. Rf7+ Kg8 37. Rxc7 h6 38. Rxa7 1-0

[Event "4NCL Division 3s"]
[Site "Daventry Court ENG"]
[Date "2014.11.15"]
[Round "1.99"]
[White "Neil, Jennifer"]
[Black "Kalavannan, Koby"]
[Result "0-1"]
[WhiteElo "1565"]
[BlackElo "1918"]
[PlyCount "104"]
[EventDate "2014.11.15"]

1. e4 c5 2. Nf3 e6 3. d4 cxd4 4. Nxd4 a6 5. Nc3 Qc7 6. Be3 Bb4 7. Qd2 Nf6 8. f3
d5 9. a3 Bxc3 10. Qxc3 Qxc3+ 11. bxc3 dxe4 12. fxe4 Nxe4 13. c4 e5 14. Nf3 Nc6
15. Bd3 Nf6 16. Ng5 O-O 17. Ne4 Nxe4 18. Bxe4 Be6 19. Bd5 Rfe8 20. O-O Na5 21.
Bxe6 Rxe6 22. c5 Nc4 23. Bf2 Rc8 24. Rfd1 Re7 25. Rd5 f6 26. a4 Na5 27. Rad1
Nc6 28. Rd7 Rxd7 29. Rxd7 Rd8 30. Rd6 Kf7 31. Kf1 Rxd6 32. cxd6 Ke6 33. Bc5 Nd4
34. Bxd4 exd4 35. Ke2 Kxd6 36. Kd3 Kd5 37. c3 dxc3 38. Kxc3 b5 39. axb5 axb5
40. Kb4 Kc6 41. g3 g6 42. g4 h6 43. h3 Kb6 44. Kb3 Kc5 45. Kc3 b4+ 46. Kb3 Kb5
47. Kb2 Kc4 48. Kc2 b3+ 49. Kb2 Kb4 50. Kb1 Kc3 51. Kc1 b2+ 52. Kb1 Kb3 0-1

[Event "4NCL Division 3s"]
[Site "Daventry Court ENG"]
[Date "2014.11.15"]
[Round "1.99"]
[White "Crombleholme, Alan K"]
[Black "Jina, Asha"]
[Result "1-0"]
[WhiteElo "2110"]
[BlackElo "1548"]
[PlyCount "61"]
[EventDate "2014.11.15"]

1. d4 Nf6 2. c4 g6 3. Nc3 Bg7 4. e4 d6 5. Nf3 O-O 6. Be2 e5 7. O-O Nc6 8. d5
Ne7 9. Ne1 Nd7 10. Nd3 f5 11. Bd2 Nf6 12. f3 c6 13. Qc2 cxd5 14. cxd5 Qb6+ 15.
Nf2 Bd7 16. Kh1 Rac8 17. a4 fxe4 18. fxe4 Nfxd5 19. a5 Qd4 20. Ng4 Bxg4 21.
Bxg4 Rc4 22. Be6+ Kh8 23. Rxf8+ Bxf8 24. exd5 Nxd5 25. Qd1 Rc5 26. Bxd5 Rxd5
27. Qf3 Kg8 28. Rf1 Bg7 29. Qf7+ Kh8 30. Qe8+ Bf8 31. Qxf8# 1-0

[Event "4NCL Division 3s"]
[Site "Daventry Court ENG"]
[Date "2014.11.15"]
[Round "1.99"]
[White "Pramod Paleri, Adithya P"]
[Black "Kennedy, Craig"]
[Result "1-0"]
[WhiteElo "1438"]
[BlackElo "1930"]
[PlyCount "57"]
[EventDate "2014.11.15"]

1. d4 d5 2. Nf3 e6 3. c4 Nf6 4. g3 c5 5. cxd5 exd5 6. Bg2 Nc6 7. O-O Be7 8. Nc3
O-O 9. Bg5 cxd4 10. Nxd4 h6 11. Bf4 Re8 12. Rc1 Bg4 13. Ncb5 Rc8 14. Nxc6 Rxc6
15. Nc7 Rxc1 16. Qxc1 Rf8 17. Qd2 Bd6 18. Bxd6 Qxd6 19. Nxd5 Nxd5 20. Bxd5 Rd8
21. Rd1 Kh8 22. Qd3 Qe5 23. Rd2 h5 24. f3 Be6 25. e4 h4 26. f4 Qh5 27. Qe3 Bxd5
28. exd5 Rxd5 29. Qe8+ 1-0

[Event "4NCL Division 3s"]
[Site "Daventry Court ENG"]
[Date "2014.11.15"]
[Round "1.145"]
[White "Wagner, Guy"]
[Black "Maleki, Manuel"]
[Result "0-1"]
[WhiteElo "1887"]
[BlackElo "2260"]
[PlyCount "54"]
[EventDate "2014.11.15"]
[WhiteTeam "Celtic Tigers 2"]
[BlackTeam "Fermented Sharks"]

1. d4 Nf6 2. Bg5 Ne4 3. Bf4 c5 4. f3 Nf6 5. d5 Qb6 6. b3 Qb4+ 7. Bd2 Qd4 8. c3
Qxd5 9. e4 Qe5 10. Ne2 Qc7 11. Na3 a6 12. g4 h6 13. Bg2 Nc6 14. Qc2 b5 15. h4
Bb7 16. O-O-O O-O-O 17. g5 Nh5 18. f4 e5 19. f5 Nf4 20. Nxf4 exf4 21. Kb2 Be7
22. Qc1 hxg5 23. hxg5 Bxg5 24. Rdf1 Rxh1 25. Rxh1 Re8 26. Rh5 f6 27. Qh1 f3 0-1

[Event "4NCL Division 3s"]
[Site "Daventry Court ENG"]
[Date "2014.11.15"]
[Round "1.146"]
[White "Thorarinsson, Pall"]
[Black "Buttell, David"]
[Result "1-0"]
[WhiteElo "2214"]
[BlackElo "1847"]
[PlyCount "96"]
[EventDate "2014.11.15"]
[WhiteTeam "Fermented Sharks"]
[BlackTeam "Celtic Tigers 2"]

1. e4 c5 2. Nf3 d6 3. d4 cxd4 4. Qxd4 Nc6 5. Bb5 Bd7 6. Bxc6 bxc6 7. Nc3 e5 8.
Qd3 Be7 9. O-O h6 10. Nd2 Be6 11. Nc4 Qc7 12. f4 f6 13. f5 Bf7 14. b3 Rd8 15.
Ne3 Bf8 16. Rd1 Ne7 17. Ba3 Nc8 18. Kh1 Be7 19. Na4 Nb6 20. Nxb6 axb6 21. c4
O-O 22. b4 Qb7 23. b5 c5 24. Bb2 Ra8 25. a4 Rfd8 26. Bc3 Ra7 27. h3 Rda8 28.
Qc2 Kh7 29. Ra3 Qb8 30. Rda1 Bd8 31. Qd3 Bc7 32. Qc2 Qg8 33. Bd2 Qd8 34. Rb1
Bg8 35. Rf1 Bf7 36. Rf3 Qe7 37. Ng4 Bh5 38. Rg3 Bxg4 39. Rxg4 Qf8 40. Rg6 Bd8
41. Qd1 Qf7 42. Qh5 Qf8 43. Rag3 Rd7 44. R3g4 Raa7 45. Rh4 Kh8 46. Bxh6 Kg8 47.
Bxg7 Rxg7 48. Qh8+ Kf7 1-0

[Event "4NCL Division 3s"]
[Site "Daventry Court ENG"]
[Date "2014.11.15"]
[Round "1.147"]
[White "Larter, Nick"]
[Black "Farkas, Daniel"]
[Result "0-1"]
[WhiteElo "1787"]
[BlackElo "2129"]
[PlyCount "70"]
[EventDate "2014.11.15"]
[WhiteTeam "Celtic Tigers 2"]
[BlackTeam "Fermented Sharks"]

1. e4 c6 2. d4 d5 3. Nc3 dxe4 4. Bc4 Nf6 5. f3 e3 6. Bxe3 e6 7. g4 Nbd7 8. h4
Nb6 9. Qd3 Nxc4 10. Qxc4 Nd5 11. Qd3 Be7 12. O-O-O Qa5 13. Nge2 b6 14. Nxd5
cxd5 15. Qc3 Qb5 16. Qd3 Qa5 17. Qc3 Qb5 18. Qd3 Qxd3 19. Rxd3 Ba6 20. Rd2 O-O
21. g5 Rac8 22. Ng3 Bd6 23. f4 Rc7 24. Rhh2 Rfc8 25. h5 Bc4 26. Kb1 a5 27. g6
fxg6 28. hxg6 hxg6 29. Rh3 a4 30. Rdh2 Kf7 31. Rh8 Ba6 32. Rxc8 Rxc8 33. Nh1 g5
34. Rf2 Rh8 35. Ng3 Rh3 0-1

[Event "4NCL Division 3s"]
[Site "Daventry Court ENG"]
[Date "2014.11.15"]
[Round "1.148"]
[White "Agnew, Alan"]
[Black "Robinson, Owen"]
[Result "1-0"]
[WhiteElo "2098"]
[BlackElo "1341"]
[PlyCount "77"]
[EventDate "2014.11.15"]
[WhiteTeam "Fermented Sharks"]
[BlackTeam "Celtic Tigers 2"]

1. e4 c5 2. Nf3 Nc6 3. d3 g6 4. g3 Bg7 5. Bg2 Nf6 6. O-O d6 7. c3 c4 8. dxc4
Nxe4 9. Nd4 Nxd4 10. cxd4 Nf6 11. Nc3 O-O 12. Re1 a6 13. Bg5 Qc7 14. Qe2 e6 15.
Rac1 Nd7 16. Red1 h6 17. Bf4 e5 18. dxe5 dxe5 19. Nd5 Qd6 20. Be3 Qb8 21. Ne7+
Kh7 22. c5 Nf6 23. c6 bxc6 24. Nxc8 Qxc8 25. Bxc6 Qe6 26. Bxa8 Rxa8 27. Qc4
Qxc4 28. Rxc4 Rb8 29. b3 a5 30. Kf1 Bf8 31. Ke2 Kg7 32. Bc5 Bxc5 33. Rxc5 Ne4
34. Rc4 Rb4 35. Rdc1 f5 36. Rxb4 axb4 37. Rc4 Kf6 38. Rxb4 Nc3+ 39. Kd2 1-0

[Event "4NCL Division 3s"]
[Site "Daventry Court ENG"]
[Date "2014.11.15"]
[Round "1.149"]
[White "Essinger, James"]
[Black "Stevenson, James AB"]
[Result "0-1"]
[WhiteElo "1761"]
[BlackElo "2093"]
[PlyCount "86"]
[EventDate "2014.11.15"]
[WhiteTeam "Celtic Tigers 2"]
[BlackTeam "Fermented Sharks"]

1. e4 c5 2. d4 cxd4 3. c3 Nf6 4. e5 Nd5 5. cxd4 d6 6. Nf3 Nc6 7. h3 dxe5 8.
dxe5 Bf5 9. a3 e6 10. Be2 Be7 11. O-O O-O 12. Qb3 Qc7 13. Nc3 Rfd8 14. Nxd5
Rxd5 15. Bf4 Rad8 16. Rac1 Qb8 17. Rfd1 h6 18. Rxd5 exd5 19. Qa4 Be6 20. Bb5
Rc8 21. Qd1 a6 22. Bd3 Bf8 23. Bb1 Ne7 24. Rxc8 Qxc8 25. Qc2 Qxc2 26. Bxc2 Nc6
27. b4 Be7 28. Kf1 Bd8 29. Ke2 Bc7 30. Bg3 g5 31. Kd2 Kf8 32. Bh2 g4 33. hxg4
Bxg4 34. Bf4 h5 35. Ng5 Nxe5 36. Nh7+ Kg7 37. Bxe5+ Bxe5 38. f3 Bf4+ 39. Ke2
Bd7 40. g3 Bxg3 41. Ke3 h4 42. f4 h3 43. Kf3 Bxf4 0-1